The practical surveyor (Record no. 113534)
[ view plain ]
| 000 -LEADER | |
|---|---|
| fixed length control field | 01301cam a22001935a 4500 |
| 001 - CONTROL NUMBER | |
| control field | L155391 |
| 008 - FIXED-LENGTH DATA ELEMENTS--GENERAL INFORMATION | |
| fixed length control field | 120320s1780 xxk f 000 0 eng d |
| 035 ## - SYSTEM CONTROL NUMBER | |
| System control number | (Sirsi) u155391 |
| 041 0# - LANGUAGE CODE | |
| Language code of text/sound track or separate title | eng |
| 100 1# - MAIN ENTRY--PERSONAL NAME | |
| Personal name | Wyld, Samuel |
| 245 04 - TITLE STATEMENT | |
| Title | The practical surveyor |
| Remainder of title | or the art of land-measuring made easy; shewing, by plain and familiar rules, how to survey any piece of land whatsoever, by the Plain-Table, Theodolite, or Circumferentor: or, by the Chain only. And how to Protract, Cast up, Reduce, and Divide the same. Likewise An easy Method of Protracting Observations made with the Meridian; and how to cast up the Content of any Plot of Land, by Reducing any Multangular Figure to one Triangle. To which is added, an appendix; shewing how to draw buildings, &c. in Perspective: Of Levelling; and also how to Measure standing Timber. By Samuel Wyld. |
| 250 ## - EDITION STATEMENT | |
| Edition statement | The seventh edition. Corrected and enlarged by a careful hand, and illustrated with several copper-plates. |
| 260 ## - PUBLICATION, DISTRIBUTION, ETC. | |
| Place of publication, distribution, etc. | London |
| Name of publisher, distributor, etc. | printed for T. Caslon, Stationers-Court; G. Robinson, J. Bew, and R. Baldwin, Pater-Noster Row |
| Date of publication, distribution, etc. | M,DCC,LXXX. [1780] |
| 300 ## - PHYSICAL DESCRIPTION | |
| Extent | viii, 191, [1] p., plates |
| Dimensions | 8o |
| 583 ## - ACTION NOTE | |
| Action | Condition reviewed |
| Time/date of action | 20120620 |
| Status | condition level 1 |
| 651 #4 - SUBJECT ADDED ENTRY--GEOGRAPHIC NAME | |
| Geographic name | Great Britain |
| Chronological subdivision | 1707- |
| 690 ## - LOCAL SUBJECT ADDED ENTRY--TOPICAL TERM (OCLC, RLIN) | |
| Topical term or geographic name as entry element | Measurement |
| 9 (RLIN) | 6256 |
| 942 ## - ADDED ENTRY ELEMENTS (KOHA) | |
| Suppress in OPAC | 0 |
| Withdrawn status | Lost status | Source of classification or shelving scheme | Damaged status | Not for loan | Home library | Current library | Shelving location | Date acquired | Total Checkouts | Full call number | Barcode | Date last seen | Copy number | Price effective from | Koha item type |
|---|---|---|---|---|---|---|---|---|---|---|---|---|---|---|---|
| Dewey Decimal Classification | Historic collection | Historic collection | Historic collection | 20/03/2012 | OCTAVO 1780 WYLD | 30075914 | 06/08/2019 | 1 | 06/08/2019 | Book |